[Event "GER OS-358 email"]
[Site "GER email"]
[Date "2018.11.02"]
[Round "?"]
[White "Joedden, Klaus"]
[Black "Clauss, Andreas"]
[Result "1/2-1/2"]
[WhiteElo "1692"]
[BlackElo "1832"]
[PlyCount "71"]
[EventDate "2018.11.11"]
[EventType "tourn (corr)"]
[EventRounds "6"]
[EventCountry "GER"]
[SourceTitle "Corr 2022"]
[Source "ChessBase"]
[SourceDate "2021.10.24"]
[SourceVersion "1"]
[SourceVersionDate "2021.10.24"]
[SourceQuality "1"]

1. e4 c5 2. Nf3 Nc6 3. d4 cxd4 4. Nxd4 g6 5. Nc3 Bg7 6. Be3 Nf6 7. Be2 0-0 8. 0-0 d6 9. Qd2 Ng4 10. Bxg4 Bxg4 11. h3 Bd7 12. Rad1 Qa5 13. Nxc6 bxc6 14. Bd4 f6 15. f4 Rab8 16. b3 Rfe8 17. Rfe1 Be6 18. Qd3 Rbc8 19. Na4 c5 20. Bc3 Qc7 21. Qd2 Qb7 22. Qf2 Rc7 23. f5 Bf7 24. Qg3 Qa6 25. Bd2 c4 26. Nc3 cxb3 27. cxb3 Rc5 28. Rc1 Rec8 29. h4 e6 30. fxe6 Bxe6 31. Nd5 Rxc1 32. Bxc1 Bxd5 33. exd5 Qa5 34. h5 Qxd5 35. hxg6 hxg6 36. Qxg6 1/2-1/2

[Event "GER HS-233 email"]
[Site "GER email"]
[Date "2017.11.14"]
[Round "?"]
[White "Clauss, Andreas"]
[Black "Hagen, Joerg"]
[Result "1-0"]
[WhiteElo "1871"]
[BlackElo "1756"]
[PlyCount "43"]
[EventDate "2017.11.21"]
[EventType "tourn (corr)"]
[EventRounds "6"]
[EventCountry "GER"]
[SourceTitle "Corr 2022"]
[Source "ChessBase"]
[SourceDate "2021.10.24"]
[SourceVersion "1"]
[SourceVersionDate "2021.10.24"]
[SourceQuality "1"]

1. e4 d5 2. exd5 Qxd5 3. Nc3 Qd6 4. d4 Nf6 5. Nf3 c6 6. h3 Nbd7 7. Bd3 g6 8. 0-0 Bg7 9. Bg5 0-0 10. Re1 Nb6 11. Ne2 Be6 12. Nf4 Bd5 13. Nxd5 Nbxd5 14. Qd2 Rfe8 15. c4 Nc7 16. Bf4 Qd7 17. Rad1 Red8 18. Qe3 Ne6 19. Bh2 Ne8 20. Ne5 Bxe5 21. Bxe5 f6 22. Bh2 1-0

[Event "GER HS-233 email"]
[Site "GER email"]
[Date "2017.11.14"]
[Round "?"]
[White "Wagner, Hans"]
[Black "Clauss, Andreas"]
[Result "1/2-1/2"]
[WhiteElo "1830"]
[BlackElo "1871"]
[PlyCount "108"]
[EventDate "2017.11.21"]
[EventType "tourn (corr)"]
[EventRounds "6"]
[EventCountry "GER"]
[SourceTitle "Corr 2022"]
[Source "ChessBase"]
[SourceDate "2021.10.24"]
[SourceVersion "1"]
[SourceVersionDate "2021.10.24"]
[SourceQuality "1"]

1. e4 c5 2. Nc3 d6 3. f4 Nc6 4. Nf3 g6 5. Bc4 Bg7 6. 0-0 e6 7. d3 Nge7 8. Qe1 0-0 9. f5 gxf5 10. Qh4 fxe4 11. dxe4 Ng6 12. Qh5 Nce5 13. Bh6 f6 14. Be2 Bd7 15. Rad1 Qe7 16. Nxe5 Nxe5 17. Bf4 Rad8 18. b3 a6 19. a4 Kh8 20. a5 Bc6 21. Bg3 d5 22. exd5 exd5 23. Na4 Be8 24. Qh3 Bg6 25. Rc1 Rg8 26. Bf2 d4 27. Nb2 Be4 28. Bg3 Rde8 29. Nc4 f5 30. Rce1 Bf6 31. Nxe5 Bxe5 32. Bc4 Bxg3 33. hxg3 Rg5 34. Rf4 Qd8 35. Qh4 Rg7 36. Qxd8 Rxd8 37. g4 Bxc2 38. gxf5 d3 39. Rf2 Rgd7 40. Rd2 Kg7 41. Kf2 Kf6 42. g4 Kg5 43. Re6 Rd4 44. Ke3 Rf4 45. f6 Rxf6 46. Re5+ Kg6 47. Rh2 Rc6 48. g5 d2 49. Rxd2 Rxd2 50. Kxd2 Bf5 51. Ke3 Kxg5 52. Bd5 Rc7 53. Be4 Rf7 54. Bd5 Rc7 1/2-1/2

[Event "GER OS-316 email"]
[Site "GER email"]
[Date "2017.03.16"]
[Round "?"]
[White "Clauss, Andreas"]
[Black "Niederdorf, Walter"]
[Result "1-0"]
[WhiteElo "1865"]
[BlackElo "1464"]
[PlyCount "87"]
[EventDate "2017.03.22"]
[EventType "tourn (corr)"]
[EventRounds "6"]
[EventCountry "GER"]
[SourceTitle "Corr 2020"]
[Source "ChessBase"]
[SourceDate "2019.09.30"]
[SourceVersion "1"]
[SourceVersionDate "2019.09.30"]
[SourceQuality "1"]

1. e4 e5 2. Nc3 Nf6 3. Nf3 Nc6 4. d4 exd4 5. Nxd4 Bb4 6. Nxc6 bxc6 7. Bd3 0-0 8. 0-0 Bxc3 9. bxc3 d6 10. Bg5 h6 11. Bh4 Rb8 12. f4 Qe7 13. Qf3 Re8 14. Rae1 Qf8 15. Bxf6 gxf6 16. Qh5 Qg7 17. Re3 Kf8 18. Rg3 Qh8 19. Bc4 Re7 20. f5 Bd7 21. h3 a5 22. Kh2 d5 23. exd5 cxd5 24. Bxd5 Qh7 25. Rf4 Rb1 26. Rfg4 Ree1 27. Rg8+ Ke7 28. R3g7 Qxf5 29. Qxf5 Bxf5 30. Rxf7+ Kd6 31. Rd8+ Kc5 32. Rxc7+ Kb6 33. Rc6+ Kb5 34. Rc4 Rh1+ 35. Kg3 Rhd1 36. a4+ Kb6 37. Rd6+ Ka7 38. Rc5 Bxc2 39. Rxf6 Rd3+ 40. Kh4 Kb8 41. Rf8+ Ka7 42. Rf7+ Kb8 43. Rxa5 Rxd5 44. Rxd5 1-0

[Event "GER OS-315 email"]
[Site "GER email"]
[Date "2017.03.02"]
[Round "?"]
[White "Clauss, Andreas"]
[Black "Heyn, Wolfgang"]
[Result "1-0"]
[WhiteElo "1865"]
[BlackElo "1819"]
[PlyCount "103"]
[EventDate "2017.03.06"]
[EventType "tourn (corr)"]
[EventRounds "6"]
[EventCountry "GER"]
[SourceTitle "Corr 2022"]
[Source "ChessBase"]
[SourceDate "2021.10.24"]
[SourceVersion "1"]
[SourceVersionDate "2021.10.24"]
[SourceQuality "1"]

1. e4 c5 2. Nf3 Nc6 3. d4 cxd4 4. Nxd4 Nf6 5. Nc3 e5 6. Ndb5 d6 7. Bg5 a6 8. Na3 b5 9. Nd5 Be7 10. Bxf6 Bxf6 11. c3 Rb8 12. Nc2 0-0 13. h4 Be7 14. Nce3 Be6 15. a4 Qd7 16. axb5 axb5 17. g3 Bd8 18. Be2 Ne7 19. Ra6 Kh8 20. 0-0 Nxd5 21. Nxd5 f5 22. exf5 Bxf5 23. Bf3 Bh3 24. Re1 Be6 25. Qd3 Bxd5 26. Qxd5 Bb6 27. Kg2 Qc8 28. Ra3 Qc5 29. Qxc5 Bxc5 30. b4 Bb6 31. Re2 Bc7 32. Rd2 g6 33. Bd5 Rfc8 34. Rd3 Bd8 35. Bf3 Rb6 36. Ra7 Bf6 37. Be4 Rd8 38. Rc7 Bg7 39. Rf3 Rf8 40. c4 Rxf3 41. Kxf3 Bf8 42. c5 dxc5 43. bxc5 Rb8 44. Kg4 b4 45. c6 Bc5 46. Rf7 Rc8 47. Kg5 b3 48. h5 b2 49. hxg6 hxg6 50. Rb7 Bd6 51. Kxg6 Bc7 52. Rxb2 1-0

[Event "GER HS-216 email"]
[Site "GER email"]
[Date "2016.12.01"]
[Round "?"]
[White "Ilzig, Gerhard Gunther"]
[Black "Clauss, Andreas"]
[Result "1/2-1/2"]
[WhiteElo "1939"]
[BlackElo "1859"]
[PlyCount "83"]
[EventDate "2016.12.05"]
[EventType "tourn (corr)"]
[EventRounds "6"]
[EventCountry "GER"]
[SourceTitle "Corr 2020"]
[Source "ChessBase"]
[SourceDate "2019.09.30"]
[SourceVersion "1"]
[SourceVersionDate "2019.09.30"]
[SourceQuality "1"]

1. b4 d5 2. Bb2 Nf6 3. e3 Bf5 4. Nf3 e6 5. b5 Bd6 6. c4 0-0 7. Nc3 a6 8. a4 c5 9. Be2 dxc4 10. Bxc4 Nbd7 11. 0-0 h6 12. h3 Bg6 13. Be2 Qa5 14. Qc1 Rfd8 15. Rd1 Rac8 16. d3 Ne5 17. Nh4 Bh7 18. Ne4 Nxe4 19. dxe4 Bb8 20. bxa6 Rxd1+ 21. Qxd1 bxa6 22. Nf3 Nxf3+ 23. Bxf3 Bg6 24. Qd7 Rd8 25. Bc3 Qb6 26. a5 Qxa5 27. Qe8+ Rxe8 28. Rxa5 Re7 29. Rxa6 Rb7 30. Kf1 Rb3 31. Be1 Rb1 32. Rc6 Ba7 33. Ke2 Ra1 34. g4 Ra2+ 35. Kf1 Kh7 36. h4 Ra4 37. Bd1 Ra1 38. Bf3 Ra4 39. Bd1 Ra1 40. Bc2 Rc1 41. Bd3 h5 42. f3 1/2-1/2

[Event "GER HS-215 email"]
[Site "GER email"]
[Date "2016.11.07"]
[Round "?"]
[White "Clauss, Andreas"]
[Black "Friedrich, Gerhard"]
[Result "0-1"]
[WhiteElo "1859"]
[BlackElo "1856"]
[PlyCount "74"]
[EventDate "2016.11.11"]
[EventType "tourn (corr)"]
[EventRounds "6"]
[EventCountry "GER"]
[SourceTitle "Corr 2020"]
[Source "ChessBase"]
[SourceDate "2019.09.30"]
[SourceVersion "1"]
[SourceVersionDate "2019.09.30"]
[SourceQuality "1"]

1. d4 Nf6 2. c4 e6 3. Nc3 Bb4 4. a3 Bxc3+ 5. bxc3 0-0 6. e3 Re8 7. Bd3 e5 8. f3 d5 9. Ne2 e4 10. fxe4 dxe4 11. Bb1 Nc6 12. 0-0 Na5 13. Ba2 b6 14. Rb1 Ba6 15. Rb4 c6 16. Ng3 Rc8 17. Rf5 c5 18. Ra4 Rc7 19. Qc2 Bc8 20. Rf4 Bd7 21. Rxa5 bxa5 22. Bb1 Rb7 23. Nxe4 Nxe4 24. Rxe4 g6 25. Rf4 Bf5 26. Rxf5 Qb6 27. Qa4 Rbb8 28. Rf1 Qxb1 29. Qd1 Qe4 30. h3 Qb1 31. Qf3 Qf5 32. Qxf5 gxf5 33. Rxf5 Rb1 34. Rf1 Rb3 35. Rf5 a4 36. d5 Rxc3 37. d6 Rxc1+ 0-1

[Event "GER HS-197 email"]
[Site "GER email"]
[Date "2016.01.11"]
[Round "?"]
[White "Clauss, Andreas"]
[Black "Jansen, Uwe"]
[Result "0-1"]
[WhiteElo "1891"]
[BlackElo "1956"]
[PlyCount "40"]
[EventDate "2016.01.16"]
[EventType "tourn (corr)"]
[EventRounds "6"]
[EventCountry "GER"]
[SourceTitle "Corr 2020"]
[Source "ChessBase"]
[SourceDate "2019.09.30"]
[SourceVersion "1"]
[SourceVersionDate "2019.09.30"]
[SourceQuality "1"]

1. d4 f5 2. Bg5 h6 3. Bh4 g5 4. e3 Bg7 5. Bg3 d6 6. h4 g4 7. Nc3 Nc6 8. Nge2 e5 9. Qd3 Qe7 10. 0-0-0 Nf6 11. d5 Nb8 12. Kb1 0-0 13. f3 Na6 14. Qd2 Nc5 15. Nc1 Bd7 16. Be1 e4 17. f4 Qf7 18. g3 Rfb8 19. a3 b5 20. b4 a5 0-1

[Event "GER HS-197 email"]
[Site "GER email"]
[Date "2016.01.11"]
[Round "?"]
[White "Lukas, Maritta"]
[Black "Clauss, Andreas"]
[Result "1-0"]
[WhiteElo "1930"]
[BlackElo "1891"]
[PlyCount "77"]
[EventDate "2016.01.16"]
[EventType "tourn (corr)"]
[EventRounds "6"]
[EventCountry "GER"]
[SourceTitle "Corr 2020"]
[Source "ChessBase"]
[SourceDate "2019.09.30"]
[SourceVersion "1"]
[SourceVersionDate "2019.09.30"]
[SourceQuality "1"]

1. e4 c5 2. Nf3 d6 3. d4 cxd4 4. Nxd4 Nf6 5. Nc3 a6 6. Be3 e5 7. Nb3 Be6 8. Qd2 Be7 9. f3 h5 10. Be2 Nbd7 11. Nd5 Nxd5 12. exd5 Bf5 13. 0-0 0-0 14. Na5 Qc7 15. c4 Rfe8 16. Rac1 Nf6 17. b4 Rad8 18. Rfd1 Bf8 19. h3 Bg6 20. Re1 Rc8 21. Bd1 Red8 22. Bb3 Nd7 23. Red1 Qb8 24. Ba4 e4 25. f4 Bf5 26. Qf2 Qc7 27. Nb3 Bh7 28. a3 Qb8 29. Qe2 Qc7 30. Bxd7 Qxd7 31. Na5 Rb8 32. c5 dxc5 33. bxc5 Qa4 34. Nc4 Bg6 35. d6 f6 36. Rb1 h4 37. Rb6 Bf7 38. Rd4 Qd7 39. Na5 1-0

[Event "GER HS-196 email"]
[Site "GER email"]
[Date "2015.12.28"]
[Round "?"]
[White "Clauss, Andreas"]
[Black "Buhlmann, Werner"]
[Result "1/2-1/2"]
[WhiteElo "1901"]
[BlackElo "1934"]
[PlyCount "38"]
[EventDate "2016.01.04"]
[EventType "tourn (corr)"]
[EventRounds "6"]
[EventCountry "GER"]
[SourceTitle "Corr 2020"]
[Source "ChessBase"]
[SourceDate "2019.09.30"]
[SourceVersion "1"]
[SourceVersionDate "2019.09.30"]
[SourceQuality "1"]

1. Nf3 d5 2. c4 c6 3. g3 Nf6 4. Bg2 dxc4 5. 0-0 Nbd7 6. Qc2 Nb6 7. Na3 Be6 8. Ng5 Bg4 9. Nxc4 Bxe2 10. Ne5 Bh5 11. Re1 h6 12. Ne4 e6 13. Nxf6+ gxf6 14. Nxc6 bxc6 15. Bxc6+ Nd7 16. Qf5 Bg6 17. Rxe6+ Be7 18. Qxf6 Rg8 19. Re1 Kf8 1/2-1/2

[Event "GER HS-196 email"]
[Site "GER email"]
[Date "2015.12.28"]
[Round "?"]
[White "Clauss, Andreas"]
[Black "Schwamberger, Jessica"]
[Result "0-1"]
[WhiteElo "1901"]
[BlackElo "1947"]
[PlyCount "85"]
[EventDate "2016.01.04"]
[EventType "tourn (corr)"]
[EventRounds "6"]
[EventCountry "GER"]
[SourceTitle "Corr 2020"]
[Source "ChessBase"]
[SourceDate "2019.09.30"]
[SourceVersion "1"]
[SourceVersionDate "2019.09.30"]
[SourceQuality "1"]

1. Nf3 Nf6 2. c4 e6 3. Nc3 c5 4. g3 b6 5. Bg2 Bb7 6. 0-0 Be7 7. d4 cxd4 8. Qxd4 0-0 9. Rd1 Qc8 10. Qf4 Na6 11. Be3 d6 12. Rac1 Nc5 13. Nd4 Bxg2 14. Kxg2 Ncd7 15. Kg1 Ne5 16. b3 h6 17. Bd2 Qb7 18. Be1 Rac8 19. Nf3 Ng6 20. Qd2 a6 21. Qd3 Rfd8 22. Nd4 Ne5 23. Qe3 Rd7 24. f3 Ng6 25. Bf2 d5 26. cxd5 Nxd5 27. Nxd5 Rxd5 28. Qe4 Ne5 29. Rxc8+ Qxc8 30. Kg2 Qd7 31. e3 a5 32. Qc2 Bc5 33. Rc1 g5 34. h3 h5 35. f4 gxf4 36. gxf4 Ng6 37. Nf3 Rd3 38. Qe2 Qd5 39. Rc4 Kg7 40. Qb2+ f6 41. Qe2 Kh6 42. Kh2 e5 43. f5 0-1

[Event "GER HS-196 email"]
[Site "GER email"]
[Date "2015.12.28"]
[Round "?"]
[White "Herzog, Klaus"]
[Black "Clauss, Andreas"]
[Result "1/2-1/2"]
[WhiteElo "1771"]
[BlackElo "1901"]
[PlyCount "100"]
[EventDate "2016.01.04"]
[EventType "tourn (corr)"]
[EventRounds "6"]
[EventCountry "GER"]
[SourceTitle "Corr 2020"]
[Source "ChessBase"]
[SourceDate "2019.09.30"]
[SourceVersion "1"]
[SourceVersionDate "2019.09.30"]
[SourceQuality "1"]

1. e4 c5 2. c3 Nf6 3. e5 Nd5 4. d4 cxd4 5. Nf3 Nc6 6. cxd4 d6 7. Bc4 Nb6 8. Bb3 dxe5 9. Nxe5 Nxe5 10. dxe5 Qxd1+ 11. Kxd1 Bd7 12. Nc3 Bc6 13. Rg1 e6 14. Be3 Bb4 15. Rc1 0-0 16. Ke2 Rfd8 17. f4 Rac8 18. g3 Ba5 19. Kf2 a6 20. Rgd1 Rxd1 21. Rxd1 Kf8 22. Rc1 Ke7 23. a3 Nd7 24. Bd1 Bb6 25. Ne4 Rd8 26. Bf3 f6 27. exf6+ gxf6 28. Rc2 Bxe3+ 29. Kxe3 Nb6 30. Nd2 Bxf3 31. Kxf3 Nd5 32. Nb3 Rd7 33. Re2 Kd6 34. f5 e5 35. Rc2 Rc7 36. Rxc7 Nxc7 37. Nd2 Nb5 38. Ne4+ Ke7 39. Nc5 Nd6 40. g4 a5 41. b3 h6 42. Ke3 h5 43. gxh5 b6 44. Na4 b5 45. Nc5 Nxf5+ 46. Ke4 Nd4 47. a4 Nxb3 48. Nxb3 bxa4 49. Nxa5 a3 50. Nb3 a2 1/2-1/2

[Event "GER HS-184 email"]
[Site "GER email"]
[Date "2015.04.05"]
[Round "?"]
[White "Clauss, Andreas"]
[Black "Herzog, Klaus"]
[Result "1-0"]
[WhiteElo "1920"]
[BlackElo "1838"]
[PlyCount "79"]
[EventDate "2015.04.16"]
[EventType "tourn (corr)"]
[EventRounds "6"]
[EventCountry "GER"]
[SourceTitle "Corr 2020"]
[Source "ChessBase"]
[SourceDate "2019.09.30"]
[SourceVersion "1"]
[SourceVersionDate "2019.09.30"]
[SourceQuality "1"]

1. Nf3 d5 2. c4 d4 3. e3 Nc6 4. exd4 Nxd4 5. Nxd4 Qxd4 6. Nc3 c6 7. d3 Nh6 8. Be2 g6 9. h3 Bg7 10. Be3 Qd6 11. g4 f5 12. Qd2 Nf7 13. 0-0-0 Be5 14. d4 Bg7 15. Kb1 0-0 16. f3 Rb8 17. h4 b5 18. h5 bxc4 19. hxg6 Qxg6 20. Bxc4 fxg4+ 21. Ka1 h5 22. Ne2 e5 23. dxe5 Bxe5 24. Bd4 Rd8 25. Bxe5 Rxd2 26. Rxd2 Rb4 27. Rd8+ Kh7 28. Bxf7 Qxf7 29. Rxc8 gxf3 30. Rc7 Qxc7 31. Bxc7 fxe2 32. Kb1 Kg6 33. Re1 h4 34. Rxe2 Kg5 35. Rc2 h3 36. Rxc6 Ra4 37. b3 Rg4 38. Bh2 Re4 39. Rc5+ Kg4 40. Rc4 1-0

[Event "GER HS-184 email"]
[Site "GER email"]
[Date "2015.04.05"]
[Round "?"]
[White "Clauss, Andreas"]
[Black "Schmielewski, Frank"]
[Result "1/2-1/2"]
[WhiteElo "1920"]
[BlackElo "1742"]
[PlyCount "73"]
[EventDate "2015.04.16"]
[EventType "tourn (corr)"]
[EventRounds "6"]
[EventCountry "GER"]
[SourceTitle "Corr 2020"]
[Source "ChessBase"]
[SourceDate "2019.09.30"]
[SourceVersion "1"]
[SourceVersionDate "2019.09.30"]
[SourceQuality "1"]

1. e4 c5 2. Nf3 Nc6 3. d4 cxd4 4. Nxd4 Qc7 5. Nc3 e6 6. Be3 a6 7. Qd2 Nf6 8. 0-0-0 Bb4 9. f3 Ne5 10. Nb3 d5 11. Bd4 0-0 12. Kb1 dxe4 13. Qf4 Bd6 14. Nxe4 Nxe4 15. Qxe4 Nc6 16. Bc3 f5 17. Qe3 b5 18. g4 Bf4 19. Qe2 b4 20. Be1 a5 21. Qc4 a4 22. Nc5 Kh8 23. gxf5 exf5 24. Bg2 Rb8 25. Nd3 Bd6 26. f4 Bb7 27. Bf2 Rfc8 28. Rhe1 Na5 29. Qxc7 Rxc7 30. Ba7 Rbc8 31. Bxb7 Nxb7 32. Rd2 Nc5 33. Bxc5 Bxc5 34. Re5 Rd7 35. Rxf5 Be3 36. Rd1 b3 37. axb3 1/2-1/2

[Event "GER HS-184 email"]
[Site "GER email"]
[Date "2015.04.05"]
[Round "?"]
[White "Clauss, Andreas"]
[Black "Schwarte, Joachim"]
[Result "1/2-1/2"]
[WhiteElo "1920"]
[BlackElo "1935"]
[PlyCount "104"]
[EventDate "2015.04.16"]
[EventType "tourn (corr)"]
[EventRounds "6"]
[EventCountry "GER"]
[SourceTitle "Corr 2020"]
[Source "ChessBase"]
[SourceDate "2019.09.30"]
[SourceVersion "1"]
[SourceVersionDate "2019.09.30"]
[SourceQuality "1"]

1. e4 c5 2. Nf3 d6 3. d4 cxd4 4. Nxd4 Nf6 5. Nc3 a6 6. Be3 Ng4 7. Bc1 Nf6 8. Bg5 e6 9. f4 Qb6 10. Qd3 Qxb2 11. Rb1 Qa3 12. f5 Nc6 13. fxe6 fxe6 14. Be2 Qc5 15. Bxf6 gxf6 16. Nxc6 bxc6 17. Na4 Qa5+ 18. Nc3 Be7 19. 0-0 0-0 20. Kh1 d5 21. Bg4 Ra7 22. Bh3 Bd6 23. Ne2 Re7 24. Nd4 Qc7 25. Nf3 dxe4 26. Qxe4 f5 27. Qc4 Qa5 28. Rbd1 Qc5 29. Qxc5 Bxc5 30. Ne5 Kg7 31. g4 Kf6 32. Nd3 Bd6 33. gxf5 exf5 34. Bxf5 Bxf5 35. Rxf5+ Kxf5 36. Rf1+ Kg4 37. Rxf8 Re2 38. Rf6 Bxh2 39. Rxc6 Bg3 40. Rxa6 Rxc2 41. Ra4+ Kh3 42. Ra3 Rd2 43. Nf4+ Kg4 44. Ne6 h6 45. Kg1 Kh4 46. Kf1 Rf2+ 47. Kg1 Kh3 48. Nc5 Rb2 49. Rf3 Rxa2 50. Ne4 Ra1+ 51. Rf1 Ra4 52. Nf2+ Bxf2+ 1/2-1/2

[Event "GER HS-183 email"]
[Site "GER email"]
[Date "2015.03.25"]
[Round "?"]
[White "Clauss, Andreas"]
[Black "Herzog, Klaus"]
[Result "1-0"]
[WhiteElo "1929"]
[BlackElo "1839"]
[PlyCount "79"]
[EventDate "2015.04.06"]
[EventType "tourn (corr)"]
[EventRounds "6"]
[EventCountry "GER"]
[SourceTitle "Corr 2020"]
[Source "ChessBase"]
[SourceDate "2019.09.30"]
[SourceVersion "1"]
[SourceVersionDate "2019.09.30"]
[SourceQuality "1"]

1. d4 Nf6 2. c4 g6 3. Nc3 Bg7 4. e4 0-0 5. Be2 d6 6. Nf3 e5 7. 0-0 Nc6 8. d5 Ne7 9. b4 Nh5 10. Re1 f5 11. Ng5 Nf6 12. f3 Kh8 13. Rb1 h6 14. Ne6 Bxe6 15. dxe6 fxe4 16. fxe4 Nc6 17. Nd5 Ng8 18. Bd3 Nd4 19. Qg4 g5 20. c5 c6 21. e7 Nxe7 22. Bxg5 hxg5 23. Qh3+ Kg8 24. Nxe7+ Qxe7 25. Bc4+ Rf7 26. cxd6 Qxd6 27. Rf1 Raf8 28. Rxf7 Rxf7 29. Rf1 Ne2+ 30. Kh1 Nf4 31. Bxf7+ Kxf7 32. g3 Qxb4 33. Qf5+ Bf6 34. gxf4 gxf4 35. Qh7+ Kf8 36. Rg1 Qc4 37. Qf5 Ke7 38. Rd1 b5 39. h4 b4 40. h5 1-0

[Event "GER HS-183 email"]
[Site "GER email"]
[Date "2015.03.25"]
[Round "?"]
[White "Clauss, Andreas"]
[Black "Jansen, Uwe"]
[Result "1/2-1/2"]
[WhiteElo "1929"]
[BlackElo "1839"]
[PlyCount "86"]
[EventDate "2015.04.06"]
[EventType "tourn (corr)"]
[EventRounds "6"]
[EventCountry "GER"]
[SourceTitle "Corr 2020"]
[Source "ChessBase"]
[SourceDate "2019.09.30"]
[SourceVersion "1"]
[SourceVersionDate "2019.09.30"]
[SourceQuality "1"]

1. e4 e5 2. Nf3 Nf6 3. Nxe5 d6 4. Nf3 Nxe4 5. d4 d5 6. Bd3 Bd6 7. 0-0 0-0 8. c4 c6 9. Re1 Bf5 10. Qc2 Nd7 11. Nc3 Ndf6 12. Ne5 Bc7 13. c5 h6 14. Bf4 Bh7 15. Ne2 Nh5 16. Be3 Qe7 17. f3 f6 18. fxe4 fxe5 19. exd5 Bxd3 20. Qxd3 cxd5 21. Qb3 Rad8 22. g3 Rf3 23. Bg5 Qf7 24. Rf1 Rxb3 25. Rxf7 hxg5 26. Rxc7 Rxb2 27. Re1 e4 28. Nc3 Rb4 29. Rb1 Rxd4 30. g4 Nf6 31. Rbxb7 Ne8 32. Rd7 Rxd7 33. Rxd7 Nf6 34. c6 Kh7 35. h4 Kh6 36. hxg5+ Kxg5 37. Rxg7+ Kh6 38. Rd7 Kg6 39. Rd6 Kg5 40. c7 Rc4 41. Nxd5 Nxd5 42. Rxd5+ Kxg4 43. Rd7 Kf5 1/2-1/2

[Event "GER HS-155 email"]
[Site "GER email"]
[Date "2013.12.01"]
[Round "?"]
[White "Matrisch, Gerd"]
[Black "Clauss, Andreas"]
[Result "0-1"]
[WhiteElo "1720"]
[BlackElo "1884"]
[PlyCount "58"]
[EventDate "2013.12.09"]
[EventType "tourn (corr)"]
[EventRounds "6"]
[EventCountry "GER"]
[SourceTitle "Corr 2015"]
[Source "ChessBase"]
[SourceDate "2015.07.17"]
[SourceVersion "1"]
[SourceVersionDate "2015.07.17"]
[SourceQuality "1"]

1. e4 e6 2. d4 d5 3. Nd2 Nf6 4. e5 Nfd7 5. Bd3 c5 6. c3 Nc6 7. Ne2 cxd4 8. cxd4 f6 9. exf6 Nxf6 10. Nf3 Bd6 11. 0-0 Qc7 12. Nc3 a6 13. Bg5 0-0 14. Bh4 Nh5 15. Re1 g6 16. Rc1 Qg7 17. Bc2 Bd7 18. Bg3 Nxg3 19. hxg3 g5 20. Na4 g4 21. Nh2 Nxd4 22. Nb6 Rad8 23. Nxd7 Rxd7 24. Nxg4 Rc7 25. Nh2 Rxf2 26. Bxh7+ Kf8 27. Rxc7 Qxg3 28. Rc8+ Ke7 29. Re8+ Kd7 0-1

[Event "GER HS-154 email"]
[Site "GER email"]
[Date "2013.10.27"]
[Round "?"]
[White "Clauss, Andreas"]
[Black "Braesel, Walter"]
[Result "1-0"]
[WhiteElo "1884"]
[BlackElo "1937"]
[PlyCount "81"]
[EventDate "2013.11.04"]
[EventType "tourn (corr)"]
[EventRounds "6"]
[EventCountry "GER"]
[SourceTitle "Corr 2015"]
[Source "ChessBase"]
[SourceDate "2015.07.17"]
[SourceVersion "1"]
[SourceVersionDate "2015.07.17"]
[SourceQuality "1"]

1. e4 e5 2. Nf3 Nf6 3. Nxe5 d6 4. Nf3 Nxe4 5. d4 d5 6. Bd3 Bd6 7. 0-0 0-0 8. c4 c6 9. Re1 Bf5 10. Qc2 Nd7 11. Nc3 Ndf6 12. Ne5 g6 13. Bh6 Re8 14. f3 Bc7 15. c5 Nxc3 16. Bxf5 Nb5 17. Qf2 Nxd4 18. Qxd4 gxf5 19. g4 Bxe5 20. Rxe5 Rxe5 21. Qxe5 Ne8 22. Re1 Qd7 23. Qf4 f6 24. g5 Kh8 25. Kh1 Qf7 26. Qxf5 Qg6 27. Qf4 Rd8 28. Qe3 Qf7 29. Qe7 Qxe7 30. Rxe7 Kg8 31. gxf6 Nxf6 32. Rg7+ Kf8 33. Rxb7+ Ke8 34. Rxa7 Nd7 35. Be3 h5 36. Kg2 Ne5 37. Bd4 Nd3 38. Rh7 Rd7 39. Rh8+ Kf7 40. a4 Ra7 41. Rh7+ 1-0

[Event "GER HS-154 email"]
[Site "GER email"]
[Date "2013.10.27"]
[Round "?"]
[White "Clauss, Andreas"]
[Black "Ganzer, Michael"]
[Result "1-0"]
[WhiteElo "1884"]
[BlackElo "1708"]
[PlyCount "133"]
[EventDate "2013.11.04"]
[EventType "tourn (corr)"]
[EventRounds "6"]
[EventCountry "GER"]
[SourceTitle "Corr 2015"]
[Source "ChessBase"]
[SourceDate "2015.07.17"]
[SourceVersion "1"]
[SourceVersionDate "2015.07.17"]
[SourceQuality "1"]

1. d4 d5 2. Nf3 Nf6 3. c4 dxc4 4. e3 b5 5. a4 c6 6. axb5 cxb5 7. b3 e6 8. bxc4 bxc4 9. Bxc4 Bd6 10. 0-0 0-0 11. Nc3 a5 12. Qe2 Bb7 13. Bd2 Ne4 14. Rfc1 Nxc3 15. Rxc3 Nd7 16. e4 Nb6 17. Bd3 a4 18. Rb1 Rb8 19. Rcc1 Ba8 20. Ba5 Bf4 21. Rc5 f5 22. g3 Bd6 23. Rcb5 Bc7 24. exf5 exf5 25. Ne5 Kh8 26. Bb4 Rf6 27. Be7 Qe8 28. Bxf6 gxf6 29. Nc4 Qxe2 30. Bxe2 Be4 31. R1b4 Nd7 32. Rxb8+ Bxb8 33. Rxa4 f4 34. Nd2 Bd5 35. g4 Kg7 36. Bf3 Bxf3 37. Nxf3 Nb6 38. Rb4 Bc7 39. Rb5 Kf8 40. Kg2 Kf7 41. Nd2 Kg6 42. Kf3 h6 43. d5 Bd8 44. Kxf4 Bc7+ 45. Ke4 Na4 46. Kd3 Nb6 47. d6 Bd8 48. f4 Kf7 49. f5 Ke8 50. Nc4 Na4 51. Kd4 Kd7 52. Rb4 Nb6 53. Rxb6 Bxb6+ 54. Nxb6+ Kxd6 55. Nd5 Kd7 56. Nxf6+ Kc6 57. Ng8 h5 58. gxh5 Kd7 59. h6 Kc6 60. h7 Kb6 61. Kd5 Kc7 62. h8Q Kb6 63. Qb2+ Kc7 64. f6 Kd7 65. f7 Kc7 66. f8Q Kd7 67. Qb7# 1-0

[Event "GER HS-154 email"]
[Site "GER email"]
[Date "2013.10.27"]
[Round "?"]
[White "Clauss, Andreas"]
[Black "Matrisch, Gerd"]
[Result "1-0"]
[WhiteElo "1884"]
[BlackElo "1720"]
[PlyCount "51"]
[EventDate "2013.11.04"]
[EventType "tourn (corr)"]
[EventRounds "6"]
[EventCountry "GER"]
[SourceTitle "Corr 2015"]
[Source "ChessBase"]
[SourceDate "2015.07.17"]
[SourceVersion "1"]
[SourceVersionDate "2015.07.17"]
[SourceQuality "1"]

1. c4 c5 2. d4 cxd4 3. Qxd4 Nc6 4. Qd1 g6 5. Nf3 Bg7 6. e4 d6 7. Be2 Nf6 8. Nc3 a6 9. 0-0 0-0 10. h3 Bd7 11. Be3 Rb8 12. Nd2 Ne8 13. Nb3 Ne5 14. f4 Nc6 15. Qd2 b6 16. Rad1 Nf6 17. e5 Ne8 18. Bf3 Qc7 19. Nd5 Qd8 20. exd6 exd6 21. Qf2 b5 22. c5 Be6 23. cxd6 Bxd5 24. Bxd5 Rc8 25. Bf3 Nb8 26. Bb6 1-0